|
|
|
|
| LEADER |
00000nlm0a2200000 4500 |
| 001 |
335870 |
| 005 |
20240206113445.0 |
| 035 |
|
|
|a (RuTPU)RU\TPU\book\362282
|
| 035 |
|
|
|a RU\TPU\book\362280
|
| 090 |
|
|
|a 335870
|
| 100 |
|
|
|a 20171004d2017 k y0rusy50 ca
|
| 101 |
0 |
|
|a rus
|
| 102 |
|
|
|a RU
|
| 105 |
|
|
|a a m 000zy
|
| 135 |
|
|
|a drcn ---uucaa
|
| 181 |
|
0 |
|a i
|
| 182 |
|
0 |
|a b
|
| 200 |
1 |
|
|a Влияние трещиноватости и пористости горных пород на амплитудный спектр сейсмических трасс применительно к обработке временных разрезов
|e диссертация на соискание ученой степени кандидата геолого-минералогических наук
|e спец. 25.00.10
|f А. А. Ислямова
|g Национальный исследовательский Томский политехнический университет (ТПУ), ; науч. рук. М. М. Немирович-Данченко
|
| 203 |
|
|
|a Текст
|c электронный
|
| 210 |
|
|
|a Томск
|d 2017
|
| 215 |
|
|
|a 1 файл (4 744 KB)
|
| 300 |
|
|
|a Заглавие с титульного экрана
|
| 300 |
|
|
|a Электронная версия печатной публикации
|
| 606 |
1 |
|
|a Сейсмическая разведка
|2 stltpush
|3 (RuTPU)RU\TPU\subj\54338
|9 72495
|
| 610 |
1 |
|
|a электронный ресурс
|
| 610 |
1 |
|
|a диссертации
|
| 610 |
1 |
|
|a труды учёных ТПУ
|
| 610 |
1 |
|
|a трещиноватость
|
| 610 |
1 |
|
|a пористость
|
| 610 |
1 |
|
|a горные породы
|
| 610 |
1 |
|
|a амплитудные спектры
|
| 610 |
1 |
|
|a сейсмические трассы
|
| 610 |
1 |
|
|a временные разрезы
|
| 610 |
1 |
|
|a сейсмические волны
|
| 610 |
1 |
|
|a пористые слои
|
| 610 |
1 |
|
|a поры
|
| 610 |
1 |
|
|a коллекторы
|
| 610 |
1 |
|
|a углеводороды
|
| 610 |
1 |
|
|a волновые поля
|
| 610 |
1 |
|
|a упругие колебания
|
| 610 |
1 |
|
|a математическое моделирование
|
| 610 |
1 |
|
|a деформации
|
| 610 |
1 |
|
|a преобразования Фурье
|
| 610 |
1 |
|
|a преобразования Прони
|
| 610 |
1 |
|
|a фильтрация
|
| 675 |
|
|
|a 550.834(04)
|v 3
|
| 686 |
|
|
|a 25.00.10
|2 oksvnk
|
| 700 |
|
1 |
|a Ислямова
|b А. А.
|c геофизик
|c ассистент Томского политехнического университета
|f 1990-
|g Александра Андреевна
|3 (RuTPU)RU\TPU\pers\35501
|9 18683
|
| 702 |
|
1 |
|a Немирович-Данченко
|b М. М.
|c геофизик
|c профессор Томского политехнического университета, доктор физико-математических наук
|f 1955-
|g Михаил Михайлович
|3 (RuTPU)RU\TPU\pers\32023
|4 727
|
| 712 |
0 |
2 |
|a Национальный исследовательский Томский политехнический университет (ТПУ)
|b Институт природных ресурсов (ИПР)
|b Кафедра геофизики (ГЕОФ)
|3 (RuTPU)RU\TPU\col\18667
|
| 801 |
|
2 |
|a RU
|b 63413507
|c 20180131
|g RCR
|
| 856 |
4 |
|
|u http://earchive.tpu.ru/handle/11683/43208
|
| 942 |
|
|
|c CF
|